[Event "German Bundesliga 2023-24"]
[Site "Germany"]
[Date "2024.04.28"]
[Round "15.10"]
[White "McShane, Luke J"]
[Black "Kollars, Dmitrij"]
[Result "1/2-1/2"]
[WhiteElo "2618"]
[BlackElo "2633"]
[Annotator "TA"]
[PlyCount "57"]
[EventDate "2023.10.20"]
[EventType "team-tourn"]
[EventCountry "GER"]
[SourceTitle "playchess.com"]
[Source "ChessBase"]
[SourceQuality "1"]

1. e4 e5 2. Nf3 Nc6 3. Bb5 a6 4. Bxc6 dxc6 5. O-O Qf6 6. d4 exd4 7. Bg5 Qd6 8. Nxd4 Be7 9. Be3 Nf6 10. f3 c5 11. Ne2 Be6 12. b3 O-O-O 13. Qxd6 Bxd6 14. Nbc3 Nd7 15. Rad1 f6 16. Nd5 Rde8 17. Kf2 f5 18. exf5 Bxf5 19. c4 Ne5 20. Ng3 Bd3 21. Rh1 Rhf8 22. h3 Bg6 23. Nf4 Bc2 24. Rd2 g5 25. Nfh5 Nd3+ 26. Ke2 Nb4 27. Kf2 Nd3+ 28. Ke2 Nb4 29. Kf2 1/2-1/2

[Event "German Bundesliga 2023-24"]
[Site "Germany"]
[Date "2024.04.28"]
[Round "15.10"]
[White "Kraemer, Martin"]
[Black "Bartel, Mateusz"]
[Result "1/2-1/2"]
[WhiteElo "2579"]
[BlackElo "2651"]
[Annotator "TA"]
[PlyCount "54"]
[EventDate "2023.10.20"]
[EventType "team-tourn"]
[EventCountry "GER"]
[SourceTitle "playchess.com"]
[Source "ChessBase"]
[SourceQuality "1"]

1. e4 e5 2. Nf3 Nc6 3. Bb5 a6 4. Ba4 Nf6 5. O-O Be7 6. Re1 b5 7. Bb3 d6 8. c3 O-O 9. h3 h6 10. d4 Bd7 11. Nbd2 Re8 12. Nf1 Bf8 13. Ng3 a5 14. Bc2 a4 15. Be3 a3 16. b3 exd4 17. Nxd4 Ne7 18. Bd3 c6 19. f4 Qc7 20. Nh5 Nxh5 21. Qxh5 Ng6 22. Rad1 Qd8 23. b4 Qf6 24. Rf1 c5 25. bxc5 dxc5 26. e5 Qa6 27. Nf3 Rad8 1/2-1/2

[Event "German Bundesliga 2023-24"]
[Site "Germany"]
[Date "2024.04.28"]
[Round "15.10"]
[White "Horvath, Dominik"]
[Black "Svane, Rasmus"]
[Result "1/2-1/2"]
[WhiteElo "2540"]
[BlackElo "2646"]
[Annotator "RC"]
[PlyCount "41"]
[EventDate "2023.10.20"]
[EventType "team-tourn"]
[EventCountry "GER"]
[SourceTitle "playchess.com"]
[Source "ChessBase"]
[SourceQuality "1"]

1. e4 e5 2. Nf3 Nc6 3. Bb5 Nf6 4. O-O Nxe4 5. Re1 Nd6 6. Nxe5 Be7 7. Bf1 Nxe5 8. Rxe5 O-O 9. d4 Bf6 10. Re1 Nf5 11. c3 d5 12. Bf4 c6 13. Nd2 Bg5 14. Bxg5 Qxg5 15. Nf3 Qf6 16. Bd3 Nd6 17. Ne5 Bf5 18. Qf3 Rfe8 19. Bxf5 Qxf5 20. Qxf5 Nxf5 21. Nd3 1/2-1/2

[Event "German Bundesliga 2023-24"]
[Site "Germany"]
[Date "2024.04.28"]
[Round "15.11"]
[White "Kamsky, Gata"]
[Black "Efimenko, Zahar"]
[Result "1/2-1/2"]
[WhiteElo "2634"]
[BlackElo "2575"]
[Annotator "TA"]
[PlyCount "71"]
[EventDate "2023.10.20"]
[EventType "team-tourn"]
[EventCountry "GER"]
[SourceTitle "playchess.com"]
[Source "ChessBase"]
[SourceQuality "1"]

1. d4 Nf6 2. Nf3 d5 3. Bf4 c5 4. e3 Nc6 5. Nbd2 Bg4 6. c3 e6 7. Bb5 Qb6 8. Qa4 Bxf3 9. Nxf3 a6 10. Bxc6+ Qxc6 11. Qxc6+ bxc6 12. Ke2 Nd7 13. Rac1 f6 14. c4 g5 15. Bg3 Kf7 16. h3 Be7 17. Rc2 cxd4 18. Nxd4 Rhc8 19. cxd5 cxd5 20. Rhc1 Rxc2+ 21. Rxc2 e5 22. Rc7 Ke8 23. Nf5 Kd8 24. Rc6 Rb8 25. b3 Rb6 26. Rxb6 Nxb6 27. f4 gxf4 28. exf4 Nd7 29. Bh4 exf4 30. Kf3 Ne5+ 31. Kxf4 Ng6+ 32. Ke3 Bc5+ 33. Ke2 Nxh4 34. Nxh4 Kd7 35. g4 Ke6 36. Nf3 1/2-1/2

[Event "German Bundesliga 2023-24"]
[Site "Germany"]
[Date "2024.04.28"]
[Round "15.11"]
[White "Svane, Frederik"]
[Black "Baidetskyi, Valentin"]
[Result "1/2-1/2"]
[WhiteElo "2626"]
[BlackElo "2471"]
[Annotator "RC"]
[PlyCount "63"]
[EventDate "2023.10.20"]
[EventType "team-tourn"]
[EventCountry "GER"]
[SourceTitle "playchess.com"]
[Source "ChessBase"]
[SourceQuality "1"]

1. e4 d6 2. d4 Nf6 3. Nc3 e5 4. Nf3 Nbd7 5. Bc4 Be7 6. O-O O-O 7. a4 exd4 8. Nxd4 Ne5 9. Ba2 Nc6 10. Bf4 Nb4 11. Bb3 a6 12. Re1 c5 13. Nf3 Be6 14. Bxe6 fxe6 15. Ng5 Qd7 16. e5 dxe5 17. Bxe5 Qxd1 18. Raxd1 Nxc2 19. Re2 Nd4 20. Bxd4 cxd4 21. Rxd4 Bc5 22. Rd1 e5 23. Ne6 Rfc8 24. g3 Rc6 25. Nd8 Rb6 26. Rxe5 Bxf2+ 27. Kf1 Rxb2 28. Ne4 Kf8 29. Ne6+ Kf7 30. Nd8+ Kf8 31. Ne6+ Kf7 32. Nd8+ 1/2-1/2

[Event "German Bundesliga 2023-24"]
[Site "Germany"]
[Date "2024.04.28"]
[Round "15.11"]
[White "Pechac, Jergus"]
[Black "Neugebauer, Martin"]
[Result "1/2-1/2"]
[WhiteElo "2580"]
[BlackElo "2529"]
[Annotator "TA"]
[PlyCount "58"]
[EventDate "2023.10.20"]
[EventType "team-tourn"]
[EventCountry "GER"]
[SourceTitle "playchess.com"]
[Source "ChessBase"]
[SourceQuality "1"]

1. e4 e5 2. Nf3 Nc6 3. Bc4 d6 4. d4 Nf6 5. O-O Bg4 6. c3 Be7 7. d5 Nb8 8. Bd3 Nbd7 9. Bc2 O-O 10. c4 Nc5 11. Nc3 a5 12. Be3 Nfd7 13. a3 a4 14. Nxa4 Nxa4 15. Bxa4 f5 16. exf5 Bxf3 17. gxf3 Rxf5 18. Bc2 Rh5 19. Kh1 Bf8 20. Rg1 Qf6 21. Rg2 Kh8 22. f4 Qf7 23. Rg5 Rh4 24. Rf5 Qe8 25. fxe5 Nxe5 26. Rf4 Rxf4 27. Bxf4 g6 28. Qe2 Bg7 29. Bg5 Nf7 1/2-1/2

[Event "German Bundesliga 2023-24"]
[Site "Germany"]
[Date "2024.04.28"]
[Round "15.12"]
[White "Krejci, Jan"]
[Black "Michalik, Peter"]
[Result "1/2-1/2"]
[WhiteElo "2517"]
[BlackElo "2576"]
[Annotator "TA"]
[PlyCount "81"]
[EventDate "2023.10.20"]
[EventType "team-tourn"]
[EventCountry "GER"]
[SourceTitle "playchess.com"]
[Source "ChessBase"]
[SourceQuality "1"]

1. d4 Nf6 2. c4 e6 3. Nc3 Bb4 4. Nf3 O-O 5. Bg5 d5 6. e3 h6 7. Bh4 c5 8. dxc5 dxc4 9. Qc2 Qa5 10. Bxf6 gxf6 11. Nd2 Nd7 12. Bxc4 Bxc3 13. bxc3 Qxc5 14. Rb1 Nb6 15. Be2 Bd7 16. Rb4 f5 17. Rh4 Rac8 18. c4 Qb4 19. O-O Rfd8 20. Nb3 Ba4 21. Qb2 Kh7 22. g3 Qe7 23. Rc1 Bc6 24. Nd4 Rg8 25. Kf1 Na4 26. Qc2 Nc5 27. Nxc6 Rxc6 28. Bf3 Rc7 29. Rd1 Rgc8 30. e4 fxe4 31. Bxe4+ f5 32. Bxf5+ exf5 33. Qxf5+ Kg7 34. Rdd4 Qf8 35. Qh5 Rc6 36. Rdf4 Qe8 37. Rhg4+ Kh8 38. Rf7 Rf6 39. Rgg7 Qe4 40. Rh7+ Kg8 41. Rhg7+ 1/2-1/2

[Event "German Bundesliga 2023-24"]
[Site "Germany"]
[Date "2024.04.28"]
[Round "15.12"]
[White "Bromberger, Stefan"]
[Black "Kempinski, Robert"]
[Result "1/2-1/2"]
[WhiteElo "2476"]
[BlackElo "2554"]
[Annotator "RC"]
[PlyCount "81"]
[EventDate "2023.10.20"]
[EventType "team-tourn"]
[EventCountry "GER"]
[SourceTitle "playchess.com"]
[Source "ChessBase"]
[SourceQuality "1"]

1. d4 Nf6 2. c4 e6 3. Nf3 b6 4. g3 Bb7 5. Bg2 Be7 6. O-O O-O 7. Re1 a5 8. Nc3 Ne4 9. Qc2 Nxc3 10. bxc3 f5 11. d5 Na6 12. e4 fxe4 13. Rxe4 Qe8 14. Re2 Nc5 15. Nd4 Qh5 16. Bf4 Rxf4 17. gxf4 Bd6 18. Re3 Bxf4 19. Rh3 Qg6 20. Qxg6 hxg6 21. dxe6 Bxg2 22. Kxg2 dxe6 23. Nb3 Rd8 24. Re1 e5 25. Nxc5 bxc5 26. Re2 a4 27. Kf3 Rd3+ 28. Kg4 Rd1 29. Kf3 Rd3+ 30. Kg4 Rd1 31. Rb2 a3 32. Rb8+ Kf7 33. Rhh8 Rg1+ 34. Kf3 g5 35. Ra8 Re1 36. Rxa3 e4+ 37. Kg2 Re2 38. Kf1 Rc2 39. h3 Rc1+ 40. Kg2 Rc2 41. Kf1 1/2-1/2

[Event "German Bundesliga 2023-24"]
[Site "Germany"]
[Date "2024.04.28"]
[Round "15.13"]
[White "Dautov, Rustem"]
[Black "Babula, Vlastimil"]
[Result "0-1"]
[WhiteElo "2584"]
[BlackElo "2535"]
[Annotator "TA"]
[PlyCount "112"]
[EventDate "2023.10.20"]
[EventType "team-tourn"]
[EventCountry "GER"]
[SourceTitle "playchess.com"]
[Source "ChessBase"]
[SourceQuality "1"]

1. d4 Nf6 2. c4 e6 3. Nf3 b6 4. g3 Ba6 5. b3 Bb4+ 6. Bd2 Be7 7. Bg2 O-O 8. O-O d5 9. cxd5 exd5 10. Nc3 Re8 11. Ne5 Bb7 12. Qc2 c5 13. dxc5 bxc5 14. Rad1 Qc8 15. e4 Bd6 16. f4 Bxe5 17. fxe5 Nxe4 18. Nxe4 dxe4 19. Qc4 Qe6 20. Qxe6 fxe6 21. Be3 Bd5 22. Bxc5 Nc6 23. Bd6 a5 24. Rfe1 Nb4 25. Rd2 Rec8 26. Bxe4 Bxe4 27. Rxe4 Rc1+ 28. Kf2 Ra1 29. a4 Nd5 30. Re1 Rxe1 31. Kxe1 Rc8 32. Rf2 g5 33. Kd2 Kg7 34. Rf3 g4 35. Rd3 h5 36. Rd4 Rc6 37. b4 axb4 38. Bxb4 Rb6 39. Ba3 Rb3 40. Rd3 Rb7 41. Kc2 Ra7 42. Kb3 Kg6 43. Bd6 Kf5 44. Rd4 Rb7+ 45. Ka3 Rb1 46. Rd2 Ke4 47. Rb2 Rxb2 48. Kxb2 Kf3 49. a5 Kg2 50. a6 Kxh2 51. a7 Nb6 52. Bc5 Na8 53. Bf2 Kg2 54. Be1 Kf1 55. Bd2 Kf2 56. Bf4 Kf3 0-1

[Event "German Bundesliga 2023-24"]
[Site "Germany"]
[Date "2024.04.28"]
[Round "15.13"]
[White "Gajewski, Grzegorz"]
[Black "Polak, Tomas"]
[Result "1/2-1/2"]
[WhiteElo "2561"]
[BlackElo "2518"]
[Annotator "TA"]
[PlyCount "102"]
[EventDate "2023.10.20"]
[EventType "team-tourn"]
[EventCountry "GER"]
[SourceTitle "playchess.com"]
[Source "ChessBase"]
[SourceQuality "1"]

1. Nf3 Nf6 2. c4 c6 3. Nc3 d5 4. e3 a6 5. Qc2 b5 6. b3 g6 7. Bb2 Bf5 8. Bd3 Bxd3 9. Qxd3 Bg7 10. cxd5 Nxd5 11. Nd1 O-O 12. Bxg7 Kxg7 13. Rc1 Qd6 14. Nc3 Nf6 15. Qxd6 exd6 16. d4 Nbd7 17. Ke2 Rfc8 18. Rhd1 Nb6 19. Nd2 Kf8 20. Nce4 Nxe4 21. Nxe4 Ke7 22. g4 Nd5 23. h4 Kd7 24. h5 Re8 25. Kf3 f5 26. gxf5 gxf5 27. Ng5 a5 28. Rg1 Re7 29. Nh3 a4 30. Nf4 Nxf4 31. Kxf4 axb3 32. axb3 Ra2 33. Rcf1 Ke6 34. Rg8 Rb2 35. h6 Rxb3 36. Rg7 c5 37. d5+ Kf6 38. Rxe7 Kxe7 39. Kxf5 Rb2 40. f4 Rh2 41. Ra1 Rh5+ 42. Ke4 Rxh6 43. Ra7+ Kd8 44. Kd3 Rh5 45. e4 Rh3+ 46. Ke2 b4 47. f5 Ke8 48. f6 Rh5 49. Rb7 b3 50. Rxb3 Rh2+ 51. Kd1 Rf2 1/2-1/2

[Event "German Bundesliga 2023-24"]
[Site "Germany"]
[Date "2024.04.28"]
[Round "15.13"]
[White "Ernst, Sipke"]
[Black "Kindermann, Stefan"]
[Result "1/2-1/2"]
[WhiteElo "2551"]
[BlackElo "2444"]
[Annotator "RC"]
[PlyCount "93"]
[EventDate "2023.10.20"]
[EventType "team-tourn"]
[EventCountry "GER"]
[SourceTitle "playchess.com"]
[Source "ChessBase"]
[SourceQuality "1"]

1. d4 d5 2. c4 c6 3. cxd5 cxd5 4. Bf4 Nc6 5. e3 Nf6 6. Nc3 a6 7. Bd3 Bg4 8. Nge2 e6 9. h3 Bxe2 10. Qxe2 Bd6 11. Bg5 Be7 12. Rc1 Nd7 13. Bf4 Nb6 14. O-O O-O 15. Nb1 Bd6 16. Bxd6 Qxd6 17. a3 Rfc8 18. Nd2 Ne7 19. Nb3 Nd7 20. Na5 Rc7 21. Rc2 Rac8 22. Rfc1 Rxc2 23. Rxc2 Rc7 24. b4 b5 25. Qd1 Nb6 26. Rc5 Na4 27. Bxh7+ Kf8 28. Rxc7 Qxc7 29. Qc2 Qxc2 30. Bxc2 Nb6 31. Kf1 Nec8 32. Nb7 Nc4 33. a4 bxa4 34. Bxa4 Ke7 35. Ke2 Na7 36. h4 Nb6 37. Bd1 Nc6 38. Kd2 Nxb4 39. Na5 Kd6 40. Bh5 f6 41. Kc3 Nc6 42. Nb7+ Ke7 43. Be2 a5 44. Bb5 Na7 45. Bd3 Nc6 46. Bb5 Na7 47. Bd3 1/2-1/2

[Event "German Bundesliga 2023-24"]
[Site "Germany"]
[Date "2024.04.28"]
[Round "15.14"]
[White "Ferreira, Jorge Viterbo"]
[Black "Vogel, Roven"]
[Result "1-0"]
[WhiteElo "2525"]
[BlackElo "2471"]
[Annotator "TA"]
[PlyCount "87"]
[EventDate "2023.10.20"]
[EventType "team-tourn"]
[EventCountry "GER"]
[SourceTitle "playchess.com"]
[Source "ChessBase"]
[SourceQuality "1"]

1. e4 c5 2. Nf3 d6 3. Bb5+ Nd7 4. O-O Ngf6 5. Re1 a6 6. Bd3 b5 7. a4 c4 8. Bf1 Bb7 9. axb5 axb5 10. Rxa8 Qxa8 11. Na3 Qa5 12. Nd4 Ba6 13. d3 e5 14. Nc6 Qb6 15. Nb4 Bb7 16. c3 cxd3 17. Bxd3 d5 18. Nxd5 Bxd5 19. exd5 Bxa3 20. bxa3 O-O 21. Be3 Qb7 22. d6 Qc6 23. Qb3 Rb8 24. Rd1 Ng4 25. Bg5 Qc5 26. Bh4 e4 27. Be2 Ne3 28. Rd4 Nc4 29. Qb4 Qf5 30. h3 e3 31. fxe3 Nxe3 32. Bd3 Qh5 33. Qb1 Ne5 34. Bf2 Qg5 35. Bxh7+ Kh8 36. Be4 Nxg2 37. Bxg2 Nf3+ 38. Kh1 Nxd4 39. Bxd4 Rd8 40. Qe4 Rxd6 41. Qe8+ Kh7 42. Qxf7 Ra6 43. Be4+ Kh6 44. Qf2 1-0

[Event "German Bundesliga 2023-24"]
[Site "Germany"]
[Date "2024.04.28"]
[Round "15.14"]
[White "Hertneck, Gerald"]
[Black "Lubbe, Nikolas"]
[Result "1/2-1/2"]
[WhiteElo "2441"]
[BlackElo "2500"]
[Annotator "ChessBase"]
[PlyCount "63"]
[EventDate "2023.10.20"]
[EventType "team-tourn"]
[EventCountry "GER"]
[SourceTitle "playchess.com"]
[Source "ChessBase"]
[SourceQuality "1"]

1. d4 d5 2. Nf3 Nf6 3. c4 e6 4. Nc3 Be7 5. Bg5 O-O 6. e3 b6 7. cxd5 Nxd5 8. Bxe7 Qxe7 9. Nxd5 exd5 10. Bd3 c5 11. Qc2 g6 12. dxc5 bxc5 13. Rc1 Na6 14. a3 c4 15. Be2 Bf5 16. Qc3 Nc5 17. O-O Bd3 18. Bxd3 Nxd3 19. Rc2 Rab8 20. Nd4 Rfc8 21. b4 Ne5 22. Rd1 Ng4 23. h3 Nf6 24. b5 Ne4 25. Qb4 Qxb4 26. axb4 Rc7 27. Ra1 Nd6 28. Ra5 Rb6 29. Rd2 Kg7 30. Nc2 Nxb5 31. Rxd5 a6 32. Ra1 1/2-1/2

[Event "German Bundesliga 2023-24"]
[Site "Germany"]
[Date "2024.04.28"]
[Round "15.14"]
[White "Wachinger, Nikolas"]
[Black "Graf, Alexander"]
[Result "1/2-1/2"]
[WhiteElo "2426"]
[BlackElo "2523"]
[Annotator "RC"]
[PlyCount "40"]
[EventDate "2023.10.20"]
[EventType "team-tourn"]
[EventCountry "GER"]
[SourceTitle "playchess.com"]
[Source "ChessBase"]
[SourceQuality "1"]

1. e4 e6 2. d4 d5 3. e5 c5 4. c3 Nc6 5. Nf3 Bd7 6. Be2 Nge7 7. O-O Ng6 8. Na3 Be7 9. Nc2 O-O 10. Re1 b5 11. g3 Re8 12. h4 h6 13. h5 Nf8 14. Bf4 Rb8 15. dxc5 Bxc5 16. b4 Be7 17. Qd2 Nh7 18. Bd3 Ng5 19. Bxg5 Bxg5 20. Ne3 Qc7 1/2-1/2

[Event "German Bundesliga 2023-24"]
[Site "Germany"]
[Date "2024.04.28"]
[Round "15.15"]
[White "Kozul, Zdenko"]
[Black "Reuker, Jari"]
[Result "1/2-1/2"]
[WhiteElo "2531"]
[BlackElo "2403"]
[Annotator "TA"]
[PlyCount "107"]
[EventDate "2023.10.20"]
[EventType "team-tourn"]
[EventCountry "GER"]
[SourceTitle "playchess.com"]
[Source "ChessBase"]
[SourceQuality "1"]

1. Nf3 Nf6 2. g3 e6 3. Bg2 d5 4. O-O c5 5. d3 Nc6 6. Nbd2 Be7 7. e4 b6 8. Re1 Bb7 9. c3 Qc7 10. a3 dxe4 11. dxe4 O-O 12. e5 Nd7 13. Qe2 Rfd8 14. h4 a6 15. Nf1 b5 16. Bg5 c4 17. a4 Nc5 18. axb5 axb5 19. Rxa8 Rxa8 20. Bxe7 Qxe7 21. Qe3 Nd3 22. Rb1 Qc7 23. b3 Ne7 24. bxc4 bxc4 25. N1d2 Bd5 26. Bf1 Nf5 27. Qb6 Qxb6 28. Rxb6 h6 29. Rb1 Ra2 30. Bxd3 cxd3 31. c4 Bc6 32. Rb8+ Kh7 33. Rd8 Rc2 34. Rxd3 Bxf3 35. Nxf3 Rxc4 36. Rd7 Kg8 37. h5 Kf8 38. Rd8+ Ke7 39. Ra8 Nd4 40. Nxd4 Rxd4 41. Rg8 Rg4 42. Kg2 Rg5 43. f4 Rxh5 44. Rxg7 Kf8 45. Rg4 Rf5 46. Rh4 h5 47. Rh1 f6 48. exf6 Kf7 49. Kh3 Kxf6 50. Re1 Ra5 51. Kh4 Rc5 52. Ra1 Rb5 53. Ra8 Rc5 54. Rh8 1/2-1/2

[Event "German Bundesliga 2023-24"]
[Site "Germany"]
[Date "2024.04.28"]
[Round "15.15"]
[White "Kramer, Julian"]
[Black "Zysk, Robert"]
[Result "1-0"]
[WhiteElo "2470"]
[BlackElo "2388"]
[Annotator "RC"]
[PlyCount "77"]
[EventDate "2023.10.20"]
[EventType "team-tourn"]
[EventCountry "GER"]
[SourceTitle "playchess.com"]
[Source "ChessBase"]
[SourceQuality "1"]

1. e4 e6 2. d4 d5 3. e5 c5 4. c3 Nc6 5. Nf3 Bd7 6. Be2 Nge7 7. O-O cxd4 8. cxd4 Nf5 9. Nc3 a6 10. a3 Rc8 11. Be3 Be7 12. Bd3 Nxe3 13. fxe3 O-O 14. Qc2 g6 15. h4 Bxh4 16. Nxh4 Qxh4 17. Rf4 Qg5 18. Raf1 Nxe5 19. dxe5 Qxe5 20. Qd2 f5 21. Rb4 Rc7 22. Bb1 Bc6 23. Ba2 Kg7 24. Rb6 Rcf7 25. Qd4 Qxd4 26. exd4 f4 27. Bb3 f3 28. Ba4 f2+ 29. Kh2 Rf4 30. g3 Rxd4 31. Bxc6 bxc6 32. Rxc6 e5 33. Rc7+ Kh6 34. Rd7 e4 35. Rxd5 Rxd5 36. Nxd5 Kg5 37. Kg2 Rd8 38. Ne3 Rd3 39. Nd5 1-0

[Event "German Bundesliga 2023-24"]
[Site "Germany"]
[Date "2024.04.28"]
[Round "15.15"]
[White "Neef, Maximilian"]
[Black "Winterberg, Lukas"]
[Result "1-0"]
[WhiteElo "2466"]
[BlackElo "2410"]
[Annotator "TA"]
[PlyCount "97"]
[EventDate "2023.10.20"]
[EventType "team-tourn"]
[EventCountry "GER"]
[SourceTitle "playchess.com"]
[Source "ChessBase"]
[SourceQuality "1"]

1. Nf3 Nf6 2. g3 d5 3. Bg2 e6 4. d4 Be7 5. O-O O-O 6. c4 dxc4 7. Qc2 a6 8. a4 c5 9. dxc5 Bxc5 10. Nbd2 b5 11. axb5 Bb7 12. bxa6 Nxa6 13. Qxc4 Bd5 14. Qc2 Qc7 15. Qb1 Nb4 16. Rxa8 Rxa8 17. b3 Qb6 18. Bb2 Ra2 19. Ng5 h6 20. Bxd5 exd5 21. Bxf6 hxg5 22. Bc3 Qa6 23. Bxb4 Bxb4 24. Nf3 Qxe2 25. Qf5 Qe6 26. Qxg5 Be7 27. Qf4 Qe4 28. Qb8+ Kh7 29. Kg2 Re2 30. Qa7 g5 31. h3 f5 32. Qd4 Kg6 33. Rd1 g4 34. hxg4 fxg4 35. Qxe4+ dxe4 36. Nh2 Bc5 37. Nxg4 Kf5 38. Rd5+ Kxg4 39. Rxc5 e3 40. Rc4+ Kg5 41. Kf3 Rxf2+ 42. Kxe3 Rg2 43. Kf3 Rd2 44. Rc5+ Kf6 45. Ke4 Rg2 46. Rc6+ Kg5 47. Rc3 Kf6 48. Kd5 Rb2 49. Re3 1-0

[Event "German Bundesliga 2023-24"]
[Site "Germany"]
[Date "2024.04.28"]
[Round "15.16"]
[White "Tica, Sven"]
[Black "Gauglitz, Gernot"]
[Result "1-0"]
[WhiteElo "2444"]
[BlackElo "2382"]
[Annotator "TA"]
[PlyCount "87"]
[EventDate "2023.10.20"]
[EventType "team-tourn"]
[EventCountry "GER"]
[SourceTitle "playchess.com"]
[Source "ChessBase"]
[SourceQuality "1"]

1. Nf3 Nf6 2. g3 g6 3. b3 Bg7 4. Bb2 O-O 5. Bg2 d5 6. c4 c6 7. d3 Nbd7 8. O-O Re8 9. d4 Ne4 10. e3 e6 11. Nbd2 f5 12. Rc1 a5 13. Ne1 Nxd2 14. Qxd2 b6 15. Nd3 Ba6 16. Rc2 Rc8 17. Rfc1 dxc4 18. bxc4 Qc7 19. f4 Rcd8 20. c5 b5 21. a3 Bb7 22. g4 fxg4 23. Bc3 Ra8 24. Nf2 Nf6 25. Rf1 Rf8 26. Qd1 Ba6 27. Re1 h5 28. Ne4 Nd5 29. Bd2 b4 30. axb4 axb4 31. Ng5 Qe7 32. Rb2 Nxf4 33. exf4 Bxd4+ 34. Kh1 Bxb2 35. Rxe6 Qg7 36. Qc2 Bf6 37. Bxc6 Rad8 38. Be4 Kh8 39. Rxa6 Bxg5 40. Rxg6 Qa1+ 41. Kg2 Rxd2+ 42. Qxd2 Bxf4 43. Rh6+ Kg7 44. Rh7+ 1-0

[Event "German Bundesliga 2023-24"]
[Site "Germany"]
[Date "2024.04.28"]
[Round "15.16"]
[White "Colbow, Collin"]
[Black "Koellner, Ruben Gideon"]
[Result "1/2-1/2"]
[WhiteElo "2385"]
[BlackElo "2483"]
[Annotator "TA"]
[PlyCount "72"]
[EventDate "2023.10.20"]
[EventType "team-tourn"]
[EventCountry "GER"]
[SourceTitle "playchess.com"]
[Source "ChessBase"]
[SourceQuality "1"]

1. e4 e5 2. Nf3 Nc6 3. Bc4 Bc5 4. O-O Nf6 5. d3 O-O 6. h3 d6 7. c3 a5 8. Re1 h6 9. d4 Ba7 10. Bb3 Re8 11. Bc2 exd4 12. cxd4 Nb4 13. Nc3 Nxc2 14. Qxc2 c6 15. Bf4 Be6 16. Rad1 d5 17. e5 Ne4 18. Nd2 f5 19. Nb3 Qh4 20. Bh2 Nxc3 21. Qxc3 a4 22. Nc5 Bxc5 23. Qxc5 f4 24. f3 Qg5 25. Kh1 Qf5 26. Rc1 g5 27. Qb4 Qf7 28. Rc3 Qe7 29. Qxe7 Rxe7 30. Rec1 Ra6 31. Ra3 Re8 32. h4 Bf5 33. hxg5 hxg5 34. g3 fxg3 35. Bxg3 Kf7 36. Kg2 Rh8 1/2-1/2

[Event "German Bundesliga 2023-24"]
[Site "Germany"]
[Date "2024.04.28"]
[Round "15.16"]
[White "Kruckenhauser, Arthur"]
[Black "Zwirs, Nico"]
[Result "0-1"]
[WhiteElo "2313"]
[BlackElo "2476"]
[Annotator "RC"]
[PlyCount "124"]
[EventDate "2023.10.20"]
[EventType "team-tourn"]
[EventCountry "GER"]
[SourceTitle "playchess.com"]
[Source "ChessBase"]
[SourceQuality "1"]

1. e4 c5 2. Nf3 d6 3. Nc3 Nf6 4. d4 cxd4 5. Qxd4 Nc6 6. Qd3 g6 7. Nd5 Bg7 8. c3 O-O 9. Bg5 Re8 10. Be2 h6 11. Bxf6 exf6 12. O-O f5 13. exf5 Bxf5 14. Qd2 Be4 15. Rfe1 Ne5 16. Nxe5 Rxe5 17. Ne3 Bc6 18. Rad1 Qh4 19. c4 Rae8 20. Nd5 Bxd5 21. cxd5 Qa4 22. b3 Qa3 23. g3 a6 24. Kf1 h5 25. h4 Bf6 26. Bd3 Rc8 27. Rxe5 Bxe5 28. Bb1 Kg7 29. Kg2 Bf6 30. Qe3 Rc7 31. Qd2 Qc5 32. Qd3 Re7 33. Qd2 Rc7 34. Qd3 Qb4 35. Qe4 Qc3 36. Qd3 Qb2 37. Qd2 Qa3 38. Qe3 Re7 39. Qc1 Qb4 40. Qd2 Qb5 41. Qd3 Qc5 42. Qd2 Bc3 43. Qd3 b5 44. Rc1 b4 45. a4 a5 46. Rd1 Bf6 47. Qf3 Qc3 48. Qxc3 bxc3 49. Kf1 Kf8 50. Re1 Rxe1+ 51. Kxe1 Bd4 52. Ke2 Ke7 53. f3 f5 54. Bc2 Kf6 55. Kd3 Bf2 56. b4 axb4 57. a5 Ke5 58. Bb3 f4 59. g4 Bxh4 60. gxh5 gxh5 61. a6 Bf2 62. Bc4 h4 0-1